[Event "Valasska Bystrice Open"]
[Site "?"]
[Date "2011.09.13"]
[Round "5.13"]
[White "Pys, Zbynek"]
[Black "Beran, Petr"]
[Result "1/2-1/2"]
[WhiteElo "1987"]
[BlackElo "2086"]
[PlyCount "65"]
[EventDate "2011.09.10"]

1. Nf3 d5 2. d4 Nf6 3. e3 e6 4. Nbd2 c5 5. c3 b6 6. b3 cxd4 7. exd4 Be7 8. Bd3
Ba6 9. Qe2 Bxd3 10. Qxd3 Nbd7 11. O-O O-O 12. Bb2 Qc7 13. Rfe1 Qf4 14. h3 Rac8
15. a3 Rfd8 16. b4 Bd6 17. g3 Qh6 18. Kg2 Qg6 19. Qxg6 hxg6 20. a4 a5 21. b5
Bf8 22. Ng5 Rc7 23. f4 Rdc8 24. Rec1 Ne8 25. Kf2 Nd6 26. Ke2 Nc4 27. Nxc4 Rxc4
28. Nf3 f6 29. Kd3 Kf7 30. Re1 Bd6 31. Nd2 R4c7 32. Rf1 Be7 33. Rac1 1/2-1/2

[Event "Valasska Bystrice Open"]
[Site "?"]
[Date "2011.09.13"]
[Round "5.14"]
[White "Snyta, Zdenek"]
[Black "Smilek, Petr"]
[Result "1-0"]
[WhiteElo "2076"]
[BlackElo "1917"]
[PlyCount "75"]
[EventDate "2011.09.10"]

1. e4 c5 2. g3 Nc6 3. Bg2 d6 4. c3 g6 5. d3 Bg7 6. Be3 Nf6 7. h3 O-O 8. Qd2 Re8
9. Ne2 Bd7 10. Na3 Rb8 11. O-O b5 12. Bh6 Bh8 13. g4 b4 14. Nc4 bxc3 15. bxc3
Be6 16. Ne3 Qa5 17. f4 Nd4 18. Ng3 Nb5 19. f5 Qxc3 20. Qxc3 Nxc3 21. fxe6 fxe6
22. Rf2 Nd7 23. Raf1 Ne5 24. Nc4 Nxd3 25. Rf3 Bd4+ 26. Kh1 Ne5 27. Nxe5 Bxe5
28. a3 d5 29. exd5 exd5 30. Re1 Bf6 31. Re6 d4 32. Bf1 Red8 33. Bc4 Kh8 34. g5
Bg7 35. Bxg7+ Kxg7 36. Rxe7+ Kh8 37. Rff7 Rb1+ 38. Kg2 1-0

[Event "Valasska Bystrice Open"]
[Site "?"]
[Date "2011.09.13"]
[Round "5.15"]
[White "Hrabal, Michal"]
[Black "Micka, Jaroslav"]
[Result "1/2-1/2"]
[WhiteElo "2046"]
[BlackElo "1835"]
[PlyCount "124"]
[EventDate "2011.09.10"]

1. e4 c5 2. f4 Nc6 3. Nf3 e6 4. Bb5 Nge7 5. O-O a6 6. Bxc6 Nxc6 7. d3 Be7 8.
Nc3 b5 9. a4 b4 10. Ne2 O-O 11. g4 d5 12. e5 f5 13. gxf5 Rxf5 14. Ng3 Rf7 15.
Be3 g6 16. Qe2 Bb7 17. Qf2 Qf8 18. h4 Rc8 19. b3 Nd8 20. Kh2 d4 21. Bd2 Bxf3
22. Qxf3 Bxh4 23. Ne4 Be7 24. Rg1 Kh8 25. Rg3 Rf5 26. Rh3 Nc6 27. Qg4 Qf7 28.
Rg1 Rh5 29. Rxh5 gxh5 30. Qh3 Rg8 31. Rxg8+ Kxg8 32. Nxc5 Bxc5 33. Qg2+ Qg6 34.
Qxc6 Be7 35. Qxa6 Kf7 36. Qb7 Qg4 37. Qg2 Qd1 38. f5 exf5 39. Bh6 Qg4 40. Qxg4
hxg4 41. a5 Ke6 42. a6 Bc5 43. Bf4 Ba7 44. Kg3 Kd7 45. Kh4 Ke6 46. Kg5 Bb6 47.
Kh6 Bc5 48. Kxh7 Kf7 49. Kh6 Bb6 50. Kg5 Ke6 51. Kg6 Ba7 52. Kg5 Bb8 53. Bg3
Ba7 54. Be1 Kxe5 55. Bxb4 g3 56. Be1 g2 57. Bf2 Kd5 58. Kxf5 Kc5 59. Ke4 Kb4
60. Kd5 Kb5 61. b4 Kxb4 62. Kc6 Kc3 1/2-1/2

[Event "Valasska Bystrice Open"]
[Site "?"]
[Date "2011.09.13"]
[Round "5.16"]
[White "Malcanek, Jan"]
[Black "Stanek, Stanislav"]
[Result "1/2-1/2"]
[WhiteElo "1943"]
[BlackElo "2024"]
[PlyCount "129"]
[EventDate "2011.09.10"]

1. e4 e5 2. Nf3 d6 3. d4 Qe7 4. Nc3 c6 5. Bg5 Nf6 6. Bc4 Bg4 7. dxe5 dxe5 8. h3
Bxf3 9. Qxf3 Nbd7 10. Rd1 h6 11. Bh4 g5 12. Bg3 Bg7 13. O-O O-O 14. a3 Nb6 15.
Bb3 Nfd7 16. Qg4 Nc5 17. Ba2 Rae8 18. Rd2 Ne6 19. Bxe6 Qxe6 20. Qxe6 Rxe6 21.
b3 Rfe8 22. a4 Bf8 23. Rd3 Rd6 24. Rfd1 Nc8 25. f3 f6 26. Bf2 Red8 27. Rxd6
Rxd6 28. Kf1 Kf7 29. Ke2 Ke6 30. Rxd6+ Bxd6 31. Kd3 b6 32. Kc4 Bc7 33. Nd1 Nd6+
34. Kc3 f5 35. Kd3 a5 36. Ne3 fxe4+ 37. fxe4 b5 38. g4 Bb6 39. Nd1 Bxf2 40.
Nxf2 Nb7 41. axb5 cxb5 42. Kc3 Nd6 43. Kd3 Nb7 44. Kc3 Kd6 45. Kb2 Nc5 46. c3
Ne6 47. Kc2 Nf4 48. b4 a4 49. Kb2 Ne2 50. Nd1 Ke6 51. Nf2 Nf4 52. Ka3 Kd6 53.
Kb2 Ne2 54. Nd1 Ng1 55. Nf2 Nf3 56. Nd1 Nd2 57. Nf2 Ke6 58. Ka3 Kf6 59. Kb2 Kg6
60. Kc2 Nc4 61. Kb1 Kf6 62. Ka2 Ke6 63. Kb1 Nd2+ 64. Kb2 Kd6 65. Ka3 1/2-1/2

[Event "Valasska Bystrice Open"]
[Site "?"]
[Date "2011.09.13"]
[Round "5.18"]
[White "Vaculik, Jakub"]
[Black "Drabek, Miloslav"]
[Result "1/2-1/2"]
[WhiteElo "1783"]
[BlackElo "2005"]
[PlyCount "61"]
[EventDate "2011.09.10"]

1. e4 d6 2. d4 Nf6 3. Nc3 g6 4. f4 Bg7 5. Nf3 O-O 6. Bd3 Nc6 7. O-O Bg4 8. Be3
e5 9. fxe5 dxe5 10. d5 Nd4 11. Be2 c5 12. Nd2 Bxe2 13. Nxe2 Ng4 14. Bf2 Qg5 15.
Nxd4 Ne3 16. Bxe3 Qxe3+ 17. Kh1 exd4 18. Rf3 Qg5 19. Qe2 Rae8 20. Raf1 Qxd5 21.
Qb5 Qc6 22. Qxc6 bxc6 23. g3 f5 24. exf5 Rxf5 25. Rxf5 gxf5 26. Kg2 Re2+ 27.
Rf2 Rxf2+ 28. Kxf2 Kf7 29. Nb3 c4 30. Na5 c5 31. Nxc4 1/2-1/2

[Event "Valasska Bystrice Open"]
[Site "?"]
[Date "2011.09.13"]
[Round "5.19"]
[White "Papan, Cyril"]
[Black "Bartosek, Ivan"]
[Result "1-0"]
[WhiteElo "2086"]
[BlackElo "1928"]
[PlyCount "79"]
[EventDate "2011.09.10"]

1. d4 e6 2. c4 d5 3. Nc3 Bb4 4. e3 Nf6 5. Bd3 c5 6. Nge2 Nc6 7. O-O cxd4 8.
exd4 dxc4 9. Bxc4 O-O 10. Bg5 h6 11. Bh4 Be7 12. Rc1 a6 13. Bd3 e5 14. Bxf6
Bxf6 15. d5 Ne7 16. Ng3 Bg5 17. Rc2 f5 18. Bc4 Kh8 19. a3 b5 20. Bb3 Bb7 21.
Qh5 Qd6 22. Rd1 Ng6 23. Nce4 fxe4 24. Nxe4 Qb6 25. Nxg5 Rf5 26. h4 Raf8 27. Kh2
Nf4 28. Qg4 hxg5 29. hxg5 Qg6 30. Qh4+ Qh7 31. Qxh7+ Kxh7 32. Rc7 R5f7 33. d6
Rxc7 34. dxc7 Rc8 35. Rd7 Be4 36. g3 Nd3 37. Be6 Nc5 38. Rxg7+ Kxg7 39. Bxc8
Nb7 40. f4 1-0

[Event "Valasska Bystrice Open"]
[Site "?"]
[Date "2011.09.13"]
[Round "5.20"]
[White "Musil, Vitezslav"]
[Black "Foukal, Jiri"]
[Result "0-1"]
[WhiteElo "2005"]
[BlackElo "1915"]
[PlyCount "64"]
[EventDate "2011.09.10"]

1. e4 e6 2. Bb5 a6 3. Ba4 c5 4. c3 c4 5. d4 cxd3 6. Qxd3 b5 7. Bb3 Bb7 8. Nf3
Nf6 9. Nbd2 Qc7 10. O-O Nc6 11. Re1 Bc5 12. h3 d6 13. Nf1 O-O 14. Bg5 Nd7 15.
Rad1 Nde5 16. Nxe5 Nxe5 17. Qg3 Ng6 18. h4 Kh8 19. h5 Ne7 20. Qh4 f6 21. Bc1 e5
22. Ne3 f5 23. exf5 Nxf5 24. Nxf5 Rxf5 25. Be3 Bxe3 26. Rxe3 Raf8 27. Rd2 Rf4
28. Qg3 Qe7 29. Red3 R4f5 30. Bd5 Rg5 31. Qh2 e4 32. Rd4 e3 0-1

[Event "Valasska Bystrice Open"]
[Site "?"]
[Date "2011.09.13"]
[Round "5.21"]
[White "Folta, Frantisek"]
[Black "Olsar, Zdenek"]
[Result "1/2-1/2"]
[WhiteElo "1816"]
[BlackElo "1985"]
[PlyCount "59"]
[EventDate "2011.09.10"]

1. c4 Nf6 2. Nc3 e5 3. g3 d5 4. cxd5 Nxd5 5. Bg2 Nb6 6. Nf3 Nc6 7. O-O Be7 8.
d3 O-O 9. Be3 Re8 10. Rc1 Bf8 11. Na4 Nd4 12. Nxb6 axb6 13. a3 Bg4 14. Bxd4
exd4 15. Re1 c6 16. Rc4 c5 17. Qd2 Qd7 18. e3 dxe3 19. Rxe3 Rxe3 20. Qxe3 f6
21. Ne1 b5 22. Rc2 Re8 23. Qc1 Bf5 24. Rd2 Rd8 25. Qc3 c4 26. Bf1 Bc5 27. Nf3
Bd4 28. Qxd4 Qxd4 29. Nxd4 Rxd4 30. f3 1/2-1/2

[Event "Valasska Bystrice Open"]
[Site "?"]
[Date "2011.09.13"]
[Round "5.22"]
[White "Tejkal, Jiri"]
[Black "Ambros, Zdenek"]
[Result "1/2-1/2"]
[WhiteElo "1978"]
[BlackElo "1888"]
[PlyCount "86"]
[EventDate "2011.09.10"]

1. d4 d5 2. c4 e6 3. Nc3 Nf6 4. Bg5 Be7 5. Nf3 Nbd7 6. e3 O-O 7. Bd3 c6 8. O-O
dxc4 9. Bxc4 Nd5 10. Bxe7 Qxe7 11. Rc1 Nxc3 12. Rxc3 e5 13. dxe5 Nxe5 14. Nxe5
Qxe5 15. f4 Qf6 16. Qb3 Qe7 17. f5 b5 18. Be2 Bb7 19. f6 gxf6 20. Qc2 c5 21.
Bd3 Qxe3+ 22. Kh1 Qh6 23. Bf5 Rfd8 24. Be4 Bxe4 25. Qxe4 Re8 26. Qc6 Rac8 27.
Qxb5 Qd2 28. Rg3+ Kf8 29. Qb7 Qb4 30. Qd5 Rcd8 31. Qh5 Re1 32. Qh6+ Ke8 33.
Re3+ Rxe3 34. Qxe3+ Kd7 35. Rxf6 Kc8 36. h3 Qd4 37. Qe7 Rd7 38. Rc6+ Kb7 39.
Qxc5 Qxb2 40. Rc8 Qb6 41. Qc2 Rc7 42. Rxc7+ Qxc7 43. Qb3+ Kc8 1/2-1/2

[Event "Valasska Bystrice Open"]
[Site "?"]
[Date "2011.09.13"]
[Round "5.23"]
[White "Kozojed, Vlastislav"]
[Black "Koller, Martin"]
[Result "1/2-1/2"]
[WhiteElo "1966"]
[BlackElo "1758"]
[PlyCount "113"]
[EventDate "2011.09.10"]

1. d4 Nf6 2. c4 g6 3. Nc3 Bg7 4. e4 d6 5. Bd3 e5 6. d5 O-O 7. Bg5 h6 8. Bh4 Qe8
9. f3 Nh5 10. Nge2 f5 11. exf5 gxf5 12. Kd2 Na6 13. Qg1 e4 14. fxe4 fxe4 15.
Bxe4 Nc5 16. Bc2 Nf4 17. Nd4 Qh5 18. Be7 Re8 19. Re1 Bd7 20. h3 Rxe7 21. Rxe7
Qg5 22. Rxg7+ Kxg7 23. h4 Qg4 24. b4 Na6 25. Bd1 Qg3 26. Bf3 c5 27. dxc6 bxc6
28. Ne4 Qg6 29. h5 Qf7 30. Nxd6 Qf6 31. c5 Nxb4 32. Qa1 Kg8 33. Rf1 Qe7 34. Re1
Qg5 35. Ne4 Qd8 36. Qc3 Nbd5 37. Qa3 Rb8 38. g3 Ne6 39. Nxe6 Bxe6 40. Ke2 Nf6
41. Rd1 Bc4+ 42. Ke1 Bd5 43. Nxf6+ Qxf6 44. Bxd5+ cxd5 45. Qe3 Qf7 46. Qd4 Re8+
47. Kd2 Qf3 48. Kc2 Re2+ 49. Rd2 Qf5+ 50. Kb3 Rxd2 51. Qxd2 Qxh5 52. c6 d4 53.
Kc4 Qf3 54. Qxh6 Qc3+ 55. Kd5 d3 56. Kd6 d2 57. Qg6+ 1/2-1/2

[Event "Valasska Bystrice Open"]
[Site "?"]
[Date "2011.09.13"]
[Round "5.24"]
[White "Korinek, Jaroslav"]
[Black "Plasek, Radim"]
[Result "0-1"]
[WhiteElo "1792"]
[BlackElo "1957"]
[PlyCount "68"]
[EventDate "2011.09.10"]

1. e4 e6 2. d4 d5 3. e5 c5 4. c3 Qb6 5. a3 Nc6 6. Nf3 Nh6 7. Be2 cxd4 8. cxd4
Nf5 9. b4 Nfxd4 10. Nxd4 Qxd4 11. Qxd4 Nxd4 12. Bd3 Nb3 13. Bb2 Nxa1 14. Bxa1
Bd7 15. O-O a5 16. b5 Bc5 17. a4 O-O 18. Nd2 Rfc8 19. Nf3 Rc7 20. h4 h5 21. Nh2
Ba3 22. g4 hxg4 23. Nxg4 Rac8 24. Bd4 Rc1 25. Bb6 Rxf1+ 26. Bxf1 Bc5 27. Bxa5
Ra8 28. Bc7 Rxa4 29. Be2 Rb4 30. h5 Bxb5 31. Bf3 Bc6 32. h6 d4 33. Be2 d3 34.
h7+ Kh8 0-1

[Event "Valasska Bystrice Open"]
[Site "?"]
[Date "2011.09.13"]
[Round "5.26"]
[White "Vinklarek, Robert"]
[Black "Sramek, Josef"]
[Result "1-0"]
[WhiteElo "1685"]
[BlackElo "2142"]
[PlyCount "77"]
[EventDate "2011.09.10"]

1. d4 d5 2. c4 e6 3. Nf3 c6 4. Bg5 Nf6 5. e3 a6 6. a3 b5 7. cxb5 cxb5 8. b4 Be7
9. Bd3 O-O 10. O-O Bb7 11. Nbd2 Nbd7 12. Nb3 Ne4 13. Bxe7 Qxe7 14. Bxe4 dxe4
15. Nfd2 e5 16. Nc5 Nxc5 17. dxc5 f5 18. Qc2 Bd5 19. Nb3 Qe6 20. Na5 f4 21. Kh1
f3 22. Rg1 Rf6 23. gxf3 Raf8 24. Rg2 exf3 25. Rg3 e4 26. Rag1 g6 27. Qc3 R8f7
28. Rg5 h6 29. Re5 Qh3 30. Rxd5 Kh7 31. c6 Rf5 32. Qc5 Qg2+ 33. Rxg2 fxg2+ 34.
Kg1 Rxf2 35. Rd7 Rf1+ 36. Kxg2 R1f2+ 37. Kg3 R2f3+ 38. Kg4 h5+ 39. Kg5 1-0

[Event "Valasska Bystrice Open"]
[Site "?"]
[Date "2011.09.13"]
[Round "5.27"]
[White "Oktavec, Ivan"]
[Black "Veselsky, Frantisek"]
[Result "1-0"]
[WhiteElo "1713"]
[BlackElo "1979"]
[PlyCount "47"]
[EventDate "2011.09.10"]

1. d4 Nf6 2. c4 g6 3. Nf3 Bg7 4. Nc3 O-O 5. e4 d6 6. Be2 Nc6 7. O-O e5 8. d5
Ne7 9. h3 Nd7 10. Be3 f5 11. Ng5 Nf6 12. f4 h6 13. fxe5 hxg5 14. exf6 Bxf6 15.
Bd4 Kg7 16. Bxf6+ Rxf6 17. Qd2 f4 18. Rad1 Bd7 19. Qd4 Kf7 20. g4 Qh8 21. Rf3
c5 22. Qf2 Qh4 23. Qxh4 gxh4 24. g5 1-0

[Event "Valasska Bystrice Open"]
[Site "?"]
[Date "2011.09.13"]
[Round "5.28"]
[White "Badacova, Irena"]
[Black "Bambusek, Vladislav"]
[Result "1-0"]
[WhiteElo "1856"]
[BlackElo "1713"]
[PlyCount "101"]
[EventDate "2011.09.10"]

1. e4 c5 2. Nc3 d6 3. g3 Nc6 4. Bg2 Nf6 5. Nge2 e5 6. f4 exf4 7. Nxf4 Ne5 8.
O-O Be7 9. Ncd5 Bg4 10. Qe1 O-O 11. b3 Rc8 12. d3 g5 13. Nxf6+ Bxf6 14. Nd5 Bg7
15. h3 Be6 16. Be3 b6 17. Qd2 h6 18. Rae1 Qd7 19. Nf6+ Bxf6 20. Rxf6 Ng6 21.
Kh2 d5 22. d4 c4 23. h4 Kg7 24. hxg5 hxg5 25. Bxg5 Rh8+ 26. Kg1 Bh3 27. Ref1
Rcf8 28. exd5 Bxg2 29. Qxg2 Qg4 30. Be3 cxb3 31. axb3 Rh3 32. R6f3 Rh5 33. c4
Ne7 34. Qf2 f5 35. Bf4 Ng6 36. Be5+ Nxe5 37. dxe5 Rfh8 38. Qe3 Rh2 39. Qf4 Rh1+
40. Kf2 R8h2+ 41. Ke3 Rxf1 42. Qxg4+ fxg4 43. Rxf1 Rb2 44. Kf4 Rxb3 45. Kxg4
Re3 46. e6 Re4+ 47. Rf4 Re5 48. Rf7+ Kg8 49. Rxa7 Re4+ 50. Kf5 Rxc4 51. d6 1-0

[Event "Valasska Bystrice Open"]
[Site "?"]
[Date "2011.09.13"]
[Round "5.32"]
[White "Luzikova, Nicola"]
[Black "Glacner, Karel"]
[Result "1-0"]
[WhiteElo "1781"]
[BlackElo "1669"]
[PlyCount "71"]
[EventDate "2011.09.10"]

1. d4 Nf6 2. c4 g6 3. Nc3 c6 4. e4 d6 5. Nf3 Bg7 6. Be2 O-O 7. O-O Nfd7 8. Be3
b6 9. Qd2 Na6 10. Bh6 Re8 11. Bxg7 Kxg7 12. Rad1 Nf6 13. e5 Ng8 14. Qf4 Nc7 15.
Ne4 Ne6 16. Qh4 h6 17. exd6 g5 18. dxe7 Qxe7 19. Qg3 Nf4 20. Nc3 Nf6 21. Ne5
Ne4 22. Qe3 Nxc3 23. bxc3 f6 24. Bf3 Bb7 25. Ng4 Qf7 26. Qd2 Qxc4 27. Ne3 Qa6
28. g3 c5 29. d5 Nh3+ 30. Kg2 Bc8 31. d6 Bb7 32. Bxb7 Nf4+ 33. gxf4 Qxb7+ 34.
Qd5 Qxd5+ 35. Nxd5 gxf4 36. Nc7 1-0

[Event "Valasska Bystrice Open"]
[Site "?"]
[Date "2011.09.13"]
[Round "5.34"]
[White "Parak, Frantisek"]
[Black "Klima, Martin"]
[Result "1-0"]
[WhiteElo "1758"]
[BlackElo "1655"]
[PlyCount "87"]
[EventDate "2011.09.10"]

1. e4 c5 2. Nf3 Nc6 3. d4 cxd4 4. Nxd4 Nf6 5. Nc3 e5 6. Nb3 Bb4 7. Bd3 d5 8.
exd5 Nxd5 9. Bd2 Nf4 10. Be4 f5 11. Bxc6+ bxc6 12. Qf3 Nd5 13. O-O e4 14. Qg3
O-O 15. Bg5 Nxc3 16. bxc3 Be7 17. Rad1 Qe8 18. Bxe7 Qxe7 19. Qd6 Qxd6 20. Rxd6
Ba6 21. Rfd1 Rac8 22. Rd7 Rf7 23. h4 Rc7 24. Rd8+ Rf8 25. Nc5 Bc4 26. Rxf8+
Kxf8 27. a3 Ke7 28. Rd4 Be6 29. Kf1 Rc8 30. Ke2 h6 31. g3 g5 32. hxg5 hxg5 33.
Ke3 Bd5 34. Rb4 Kd6 35. Nb3 c5 36. Ra4 Rc7 37. Ra6+ Ke5 38. Ra5 Kd6 39. Nd2 f4+
40. gxf4 gxf4+ 41. Kxf4 Rf7+ 42. Ke3 Re7 43. Ra6+ Ke5 44. Rh6 1-0

[Event "Valasska Bystrice Open"]
[Site "?"]
[Date "2011.09.13"]
[Round "5.38"]
[White "Prokopova, Jirina"]
[Black "Perik, Alois"]
[Result "0-1"]
[WhiteElo "1709"]
[BlackElo "1861"]
[PlyCount "54"]
[EventDate "2011.09.10"]

1. e4 c6 2. d4 d5 3. e5 Bf5 4. g4 Bg6 5. h4 h6 6. h5 Bh7 7. e6 fxe6 8. Bf4 Nd7
9. Qe2 Qb6 10. c3 Ngf6 11. Bh3 O-O-O 12. Nf3 Ne4 13. Ne5 Nxe5 14. Bxe5 Rg8 15.
Bf4 g5 16. hxg6 Rxg6 17. Bg2 Rf6 18. Be3 Bg6 19. f3 Ng3 20. Qd2 Nxh1 21. Bxh1
Bg7 22. Na3 Qa6 23. O-O-O Rdf8 24. Qe1 Rxf3 25. Bxf3 Rxf3 26. Bg1 Be4 27. Bh2
Bf6 0-1

[Event "Valasska Bystrice Open"]
[Site "?"]
[Date "2011.09.13"]
[Round "5.40"]
[White "Matas, Stanislav"]
[Black "Kolibik, Jan"]
[Result "1/2-1/2"]
[WhiteElo "1764"]
[BlackElo "1684"]
[PlyCount "72"]
[EventDate "2011.09.10"]

1. e4 e6 2. d4 d5 3. e5 c5 4. c3 Nc6 5. Nf3 Nge7 6. Bb5 cxd4 7. cxd4 Qa5+ 8.
Nc3 Bd7 9. O-O Nf5 10. a3 a6 11. b4 Bxb4 12. Bxc6 Bxc6 13. Ne2 Be7 14. Bd2 Qd8
15. Nc3 O-O 16. Na4 b5 17. Nb2 Qd7 18. Nd3 Rfc8 19. g4 Nh4 20. Nxh4 Bxh4 21. g5
Qd8 22. f4 h6 23. gxh6 g6 24. Rf3 Kh7 25. Rh3 Be7 26. Nf2 a5 27. Nh1 Bd7 28.
Ng3 Rc4 29. Ne2 Rac8 30. Qe1 b4 31. axb4 axb4 32. Rb1 Ba4 33. Bxb4 Bc2 34. Bxe7
Qxe7 35. Rc1 Be4 36. Rxc4 Rxc4 1/2-1/2

[Event "Valasska Bystrice Open"]
[Site "?"]
[Date "2011.09.13"]
[Round "5.41"]
[White "Kamarad, Frantisek"]
[Black "Romanek, Zdenek"]
[Result "0-1"]
[WhiteElo "1577"]
[BlackElo "1722"]
[PlyCount "116"]
[EventDate "2011.09.10"]

1. e4 c5 2. Nf3 Nc6 3. d4 cxd4 4. Nxd4 Nf6 5. Nc3 e5 6. Ndb5 d6 7. Bg5 a6 8.
Bxf6 gxf6 9. Na3 b5 10. Nd5 Bg7 11. Bd3 Ne7 12. Qf3 Nxd5 13. exd5 Qe7 14. O-O
Bb7 15. Rae1 Kf8 16. c3 Re8 17. Nc2 Qd7 18. Ne3 Qd8 19. Nf5 Bc8 20. Ng3 Bh6 21.
Qh5 Bf4 22. Ne2 Bd2 23. Rd1 e4 24. Bxb5 Re5 25. Qh4 Bg5 26. Qg3 axb5 27. h4 Bh6
28. Nd4 Bd7 29. Nc2 Rg8 30. Qh2 Rg4 31. f3 Bf4 32. Qh1 Rg3 33. Kf2 e3+ 34. Ke2
Qc7 35. Rd4 Rxd5 36. Rxd5 Qc4+ 37. Rd3 Qxa2 38. Nxe3 Qxb2+ 39. Rd2 Qxc3 40. Rd3
Qe5 41. Re1 Be6 42. Kf2 Qb2+ 43. Re2 Qb4 44. Qe1 Qc5 45. Rc3 Bc4 46. Rd2 Qb6
47. Kg1 d5 48. Kh1 d4 49. Rxc4 bxc4 50. Nxc4 Qc5 51. Rc2 Qh5 52. Kg1 Qxf3 53.
Kh1 Qh5 54. Rb2 Qxh4+ 55. Kg1 Qh5 56. Qe2 Rg4 57. Ra2 Qh2+ 58. Kf1 Qh1+ 0-1

[Event "Valasska Bystrice Open"]
[Site "?"]
[Date "2011.09.14"]
[Round "6.1"]
[White "Karlik, Vladimir"]
[Black "Obsivac, Josef"]
[Result "1/2-1/2"]
[WhiteElo "2286"]
[BlackElo "2274"]
[PlyCount "35"]
[EventDate "2011.09.10"]

1. d4 Nf6 2. Nf3 b6 3. Bf4 Bb7 4. e3 Nh5 5. Bg5 h6 6. Bh4 g5 7. Bg3 Nxg3 8.
hxg3 Bg7 9. c4 d6 10. Nc3 c5 11. Qc2 Nd7 12. d5 Nf6 13. Bd3 a6 14. Rd1 Qc7 15.
a4 Bc8 16. Bf5 Bxf5 17. Qxf5 Qd7 18. Qd3 1/2-1/2

[Event "Valasska Bystrice Open"]
[Site "?"]
[Date "2011.09.14"]
[Round "6.5"]
[White "Volodin, Viktor"]
[Black "Juricek, Stanislav"]
[Result "1/2-1/2"]
[WhiteElo "2210"]
[BlackElo "2131"]
[PlyCount "106"]
[EventDate "2011.09.10"]

1. Nf3 Nf6 2. c4 d6 3. d4 g6 4. g3 Bg7 5. Bg2 O-O 6. O-O Nc6 7. Nc3 a6 8. b3
Rb8 9. e3 Bd7 10. Qe2 Qc8 11. Rd1 Bg4 12. e4 e5 13. d5 Nd4 14. Qd3 c5 15. Re1
Nd7 16. Nd2 Nf6 17. Nf1 b5 18. f3 bxc4 19. bxc4 Bd7 20. Ne2 Nxe2+ 21. Rxe2 Nh5
22. Rb1 Qc7 23. Reb2 f5 24. Nd2 Bh6 25. Qa3 Rxb2 26. Qxb2 Bc8 27. Nb3 Bxc1 28.
Qxc1 fxe4 29. fxe4 Nf6 30. Qd2 Ng4 31. Rf1 Rxf1+ 32. Bxf1 Kg7 33. Bg2 Nf6 34.
Qa5 Qd7 35. Qd2 Qc7 36. Bf3 h6 37. Bg2 g5 38. Qe1 Qb6 39. Qa5 Qxa5 40. Nxa5 Kf7
41. Bf3 Bg4 42. Kg2 Bxf3+ 43. Kxf3 g4+ 44. Ke3 Ke7 45. Nc6+ Kd7 46. a3 Kc7 47.
Ne7 h5 48. Nf5 Kd7 49. Ng7 Kc7 50. Ne6+ Kb6 51. Kd3 Ka5 52. Nc7 Kb6 53. Ne6 Ka5
1/2-1/2

[Event "Valasska Bystrice Open"]
[Site "?"]
[Date "2011.09.14"]
[Round "6.6"]
[White "Mrva, Vladimir"]
[Black "Riska, Lubomir"]
[Result "1/2-1/2"]
[WhiteElo "2157"]
[BlackElo "2232"]
[PlyCount "113"]
[EventDate "2011.09.10"]

1. e4 c5 2. Nf3 e6 3. c4 Nc6 4. d4 cxd4 5. Nxd4 Nf6 6. Nc3 Qc7 7. Ndb5 Qb8 8.
a3 a6 9. Nd4 Be7 10. Be2 O-O 11. O-O Rd8 12. Nc2 b5 13. b3 bxc4 14. bxc4 Qc7
15. f4 d6 16. Bd3 Rb8 17. Qe2 Nd7 18. Bd2 Nc5 19. Rab1 Bd7 20. Be3 Na5 21. Bxc5
Qxc5+ 22. Kh1 Bf6 23. e5 dxe5 24. Ne4 Qc7 25. Nxf6+ gxf6 26. Qh5 Kf8 27. Rbe1
exf4 28. Qh6+ Ke8 29. Qxf6 Bc6 30. Bxh7 Rd2 31. Rg1 Qd6 32. Bg6 Kd7 33. Qxf7+
Qe7 34. Qxf4 Qd6 35. Qf7+ Qe7 36. Qxe7+ Kxe7 37. Ne3 Rbb2 38. h3 Kf6 39. Bh5 e5
40. Bf3 Bxf3 41. Rgf1 e4 42. gxf3 Nxc4 43. Ng4+ Kg5 44. Rxe4 Nd6 45. Rb4 Ra2
46. Rf2 Rxf2 47. Nxf2 Rxf2 48. Rb6 Nf5 49. Kg1 Ra2 50. Rxa6 Kf4 51. Kf1 Kxf3
52. Ke1 Nd4 53. Kd1 Ke3 54. Kc1 Kd3 55. Rg6 Rc2+ 56. Kb1 Rf2 57. Rg3+ 1/2-1/2

[Event "Valasska Bystrice Open"]
[Site "?"]
[Date "2011.09.14"]
[Round "6.7"]
[White "Parak, Dominik"]
[Black "Snyta, Zdenek"]
[Result "1/2-1/2"]
[WhiteElo "2160"]
[BlackElo "2076"]
[PlyCount "124"]
[EventDate "2011.09.10"]

1. e4 d5 2. exd5 Nf6 3. d4 Nxd5 4. Nf3 Bf5 5. c3 c6 6. Be2 e6 7. O-O Be7 8. Re1
O-O 9. Bf1 Nd7 10. Nbd2 Re8 11. Ne4 h6 12. a3 N5f6 13. Ng3 Bg6 14. Bd2 c5 15.
c4 Rc8 16. Ne5 Nxe5 17. dxe5 Nd7 18. Bc3 Nb8 19. Qf3 Qc7 20. Rad1 Red8 21. Ne2
Nc6 22. Nf4 Bc2 23. Rc1 Bf5 24. Qg3 Nd4 25. Nh5 Bg6 26. Nf4 Bf5 27. Bd3 Bg5 28.
Bf1 Bh7 29. Qg4 Bf5 30. Qg3 Rd7 31. h4 Bxf4 32. Qxf4 Rcd8 33. Re3 Kh8 34. g4
Bh7 35. h5 f6 36. Qg3 f5 37. g5 Rf8 38. f4 g6 39. hxg6 Bxg6 40. Qh2 Rh7 41.
gxh6 Be8 42. Rg3 Rg8 43. Rxg8+ Kxg8 44. Kf2 Kh8 45. Qh4 Qe7 46. Qxe7 Rxe7 47.
Bg2 Bc6 48. Bxd4 cxd4 49. Bxc6 bxc6 50. c5 Kh7 51. Rh1 Rb7 52. b4 a5 53. bxa5
Rb5 54. a6 Rxc5 55. Rc1 Ra5 56. Rxc6 Kxh6 57. Rxe6+ Kh5 58. Rf6 Kg4 59. e6 Rxa3
60. e7 Rf3+ 61. Kg2 Rg3+ 62. Kf2 Rf3+ 1/2-1/2

[Event "Valasska Bystrice Open"]
[Site "?"]
[Date "2011.09.14"]
[Round "6.8"]
[White "Horak, Karel"]
[Black "Michalcak, Lubomir"]
[Result "0-1"]
[WhiteElo "2051"]
[BlackElo "2100"]
[PlyCount "72"]
[EventDate "2011.09.10"]

1. e4 c6 2. d4 d5 3. exd5 cxd5 4. c4 Nf6 5. Nc3 g6 6. Qb3 Bg7 7. cxd5 O-O 8.
Be2 Nbd7 9. Bf3 Nb6 10. Nge2 Bg4 11. Bxg4 Nxg4 12. a4 Nf6 13. d6 Qxd6 14. Bf4
Qd7 15. O-O Nbd5 16. Be5 Rfd8 17. a5 Nxc3 18. Nxc3 Nd5 19. Na4 Bxe5 20. dxe5
Rac8 21. Rad1 Qc6 22. Rd4 e6 23. Qh3 Kg7 24. Qh4 Qc7 25. Re4 Qxa5 26. Nc3 Nxc3
27. bxc3 Qxc3 28. Qf6+ Kg8 29. h4 h5 30. Rf4 Rd7 31. g4 Rc4 32. gxh5 Rxf4 33.
Qxf4 Rd4 34. Qg5 Qf3 35. Kh2 Rg4 36. Qd8+ Kh7 0-1

[Event "Valasska Bystrice Open"]
[Site "?"]
[Date "2011.09.14"]
[Round "6.9"]
[White "Maly, Marek"]
[Black "Kunc, Miroslav"]
[Result "1-0"]
[WhiteElo "1996"]
[BlackElo "2094"]
[PlyCount "49"]
[EventDate "2011.09.10"]

1. d4 e6 2. c4 f5 3. g3 Nf6 4. Bg2 Be7 5. Nf3 d6 6. b3 O-O 7. O-O Qe8 8. Bb2
Qh5 9. Nc3 Nbd7 10. Qc2 c6 11. e4 e5 12. exf5 exd4 13. Nxd4 Ne5 14. Qe2 Nfg4
15. h3 Bxf5 16. Nxf5 Rxf5 17. f4 d5 18. fxe5 Bc5+ 19. Kh1 Rg5 20. Rf4 Nf2+ 21.
Rxf2 Bxf2 22. Qxf2 Rf8 23. Qe2 Qg6 24. cxd5 Rxg3 25. Ne4 1-0

[Event "Valasska Bystrice Open"]
[Site "?"]
[Date "2011.09.14"]
[Round "6.10"]
[White "Beran, Petr"]
[Black "Kolasin, Jan"]
[Result "1-0"]
[WhiteElo "2086"]
[BlackElo "2001"]
[PlyCount "73"]
[EventDate "2011.09.10"]

1. Nf3 d5 2. d4 Nf6 3. Bg5 Bf5 4. c4 c6 5. Qb3 Qb6 6. e3 Nbd7 7. Nc3 e6 8. c5
Qxb3 9. axb3 h6 10. Bxf6 gxf6 11. b4 e5 12. Be2 Rg8 13. g3 e4 14. Nd2 Bh3 15.
Nb3 Rg5 16. Bd1 b6 17. Ra6 Nb8 18. Ra2 Nd7 19. Ne2 Bg2 20. Rg1 Bf3 21. Nf4 Bxd1
22. Kxd1 Kd8 23. Kc2 Kc7 24. Rga1 Kb7 25. cxb6 Nxb6 26. Nc5+ Bxc5 27. bxc5 Nd7
28. b4 a6 29. Kc3 Nf8 30. h4 Rg8 31. b5 cxb5 32. Nxd5 Rg6 33. Ne7 Ne6 34. c6+
Kb6 35. d5 Nd8 36. Rxa6+ Rxa6 37. Rxa6+ 1-0

[Event "Valasska Bystrice Open"]
[Site "?"]
[Date "2011.09.14"]
[Round "6.11"]
[White "Foukal, Jiri"]
[Black "Papan, Cyril"]
[Result "0-1"]
[WhiteElo "1915"]
[BlackElo "2086"]
[PlyCount "88"]
[EventDate "2011.09.10"]

1. e4 c5 2. Nf3 Nc6 3. d4 cxd4 4. Nxd4 e5 5. Nb3 Nf6 6. Bd3 Be7 7. O-O O-O 8.
Nc3 d6 9. h3 Be6 10. Be3 Nb4 11. Be2 d5 12. Nxd5 Nbxd5 13. exd5 Nxd5 14. Bc5
Rc8 15. Bxe7 Qxe7 16. c3 Nf4 17. Kh2 Nxe2 18. Qxe2 Bc4 19. Qe3 Bxf1 20. Rxf1 h6
21. Re1 Qd7 22. Qg3 f6 23. f4 exf4 24. Qxf4 Qc7 25. Qxc7 Rxc7 26. Nd4 Kf7 27.
Re2 Re8 28. Rf2 g6 29. Nb5 Rd7 30. Nd4 Re4 31. Rc2 f5 32. Kg3 Kf6 33. Kf3 h5
34. Re2 Rxe2 35. Kxe2 h4 36. Kf3 g5 37. Ke3 Rg7 38. a4 Ke5 39. b4 g4 40. hxg4
fxg4 41. b5 h3 42. gxh3 gxh3 43. Kf2 Kd5 44. Nf3 Kc4 0-1